000 01232nam a2200181 4500
001 7381
005 20181127183522.0
020 0 0 _a9781405136860 1405136863
100 0 0 _aMenil, Georges De
245 0 0 _aEconomic Policy January 2006 /
_b
_cGeorges De Menil, ; Portes, Richard
_h
260 0 0 _a
_bBlackwell Pub
_c 2006.
300 0 0 _a200 p ; 30 cm.
505 _aEditors' Introduction. European unemployment: the evolution of facts and ideas (Olivier Blanchard). Financial dollarization: evaluating the consequences (Eduardo Levy Yeyati). Evaluation of currency regimes: the unique role of sudden stops (Assaf Razin and Yona Rubinstein). International competition in corporate taxation: evidence from the OECD time series (Kenneth Steward and Michael Webb)
_g
_r
_t
520 _aEconomic Policy is written for all those with an informed interest in economic policy problems. All articles are submitted to rigorous scrutiny by a panel of distinguished economists from around the world, resulting in a volume of authoritative and accessible articles, each followed by the comments of panel members.
650 0 0 _aEconomic policy -- Periodicals.
_x
650 0 0 _aEconomic policy.
_x
999 _c6301
_d6301